UBT Library

Programsko okruženje Delphi : sa rešenim zadacima (Record no. 25)

000 -LEADER
fixed length control field 00535nam a22001937a 4500
008 - FIXED-LENGTH DATA ELEMENTS--GENERAL INFORMATION
fixed length control field 131004b xxu||||| |||| 00| 0 scc d
020 ## - INTERNATIONAL STANDARD BOOK NUMBER
International Standard Book Number 8675550626
041 0# - LANGUAGE CODE
Language code of text/sound track or separate title scc
080 ## - UNIVERSAL DECIMAL CLASSIFICATION NUMBER
Universal Decimal Classification number 004
100 1# - Rafti
Rafti Kraus, Laslo
245 10 - TITLE STATEMENT
Title Programsko okruženje Delphi : sa rešenim zadacima
Statement of responsibility, etc Laslo Kraus
246 ## - VARYING FORM OF TITLE
Title proper/short title Delphi
260 ## -
-- Beograd :
-- Mikro Knjiga ;
-- 1996
300 ## -
-- 324 f. :
-- me il. ;
-- 23 cm
500 ## -
-- Parathenie [VII]-VIII
650 #0 -
-- Kompjuterët
650 #0 -
-- Kompjuterët-Programimi-Softueri
942 ## - ADDED ENTRY ELEMENTS (KOHA)
Source of classification or shelving scheme
Item type Books
Holdings
Withdrawn status Lost status Source of classification or shelving scheme Damaged status Not for loan Collection code Permanent location Current location Shelving location Date acquired Total Checkouts Full call number Barcode Date last seen Price effective from Koha item type
          Koleksioni i përgjithshem UBT - Prishtine UBT - Prishtine Koleksioni i përgjithshem 10/04/2013   004 KRA 001-000010 10/04/2013 10/04/2013 Books
UBT Library © 2015-2024. All rights reserved University Education for Business and Technology